Spectrum 3 : a communicative course in English
Saved in:
| Other Authors: | |
|---|---|
| Format: | Book |
| Language: | English |
| Published: |
Englewood Cliffs, New Jersey :
Prentice-Hall,
1983-
|
| Textbook Catalogue: | MANES: Library Catalog Search Result |
| Textbook Classification: |
|
| Tags: |
Add Tag
No Tags, Be the first to tag this record!
|
| Added to: | 2019-02-09 |
| Changed in: | 2025-05-07 |
MARC
| LEADER | 00000cam a2200000 i 4500 | ||
|---|---|---|---|
| 005 | 20250507134549.0 | ||
| 008 | 190210m1983uuuugbrao eng d | ||
| 020 | |a 0138266522 (V. 1) |a 0138267103 (Workbook) |a 0138267774 (Teacher's edition) | ||
| 040 | |a uned |b spa |c entro-manes | ||
| 245 | 0 | 0 | |a Spectrum 3 : |b a communicative course in English / |c Diane Warshawsky with Donald R. H. Byrd ; Donald R. H. Byrd, project director ; Anna Veltfort art director ; Mary Vaughn developmental editor ; Deborah Goldblatt project editor |
| 260 | |a Englewood Cliffs, New Jersey : |b Prentice-Hall, |c 1983- | ||
| 300 | |a [3] v. | ||
| 500 | |a Las casettes están en la Mediateca | ||
| 505 | 1 | |a Contiene: |g V. 1 / |r Diane Warshawsky with Donald R. H. Byrd ; Donald R. H. Byrd, project director ; Anna Veltfort art director ; Mary Vaughn developmental editor ; Deborah Goldblatt project editor - |g V. 2. |t Workbook / |r David P. Rein ; with Donald R. H. Byrd ; Mary Vaughn, ed. - |g V. 3. |t Teacher's edition / |r Joan Dye, Nancy Frankfort ; Donald R. H. Byrd, project dir. ; Mary Vaughn developmental editor | |
| 546 | |a España | ||
| 561 | |5 es-BUNED |3 L.T.M. 2477 |a España. Fondo Manes UNED |k MANES | ||
| 690 | 0 | |a LE |a MATE | |
| 700 | 1 | |a Warshawsky, Diane |9 40682 |a Byrd, Donald R. H. |9 36993 | |
| 942 | |2 ddc |c BK | ||
| 999 | |c 97402 |d 97402 | ||
| 999 | |c manes:97402 |d 97402 | ||